Philosophy of education
Salvato in:
| Autore principale: | |
|---|---|
| Natura: | Libro |
| Lingua: | inglese |
| Pubblicazione: |
Book Shores
2019
|
| Tags: |
Aggiungi Tag
Nessun Tag, puoi essere il primo ad aggiungerne!!
|
MARC
| LEADER | 00000nam a22000007a 4500 | ||
|---|---|---|---|
| 008 | 240422b |||||||| |||| 00| 0 eng d | ||
| 020 | |a 97893868207007 | ||
| 100 | |a KUMARI, Arti | ||
| 245 | |a Philosophy of education |c /Arti Kumari |g vi,172p | ||
| 260 | |b Book Shores |c 2019 |h New Delhi |i 701543 |i 701544 |l LB885.K96 |m Education-Pholosophy | ||
| 942 | |a lcc |c BK |e Johnson |f 22/04/22 | ||
| 952 | |0 0 |1 0 |2 lcc |4 0 |6 LB0885 K96 |7 0 |9 5075 |a ED |b HOL |c LP |d 2024-04-22 |l 0 |o LB885.K96 |p 2024-0323 |r 2024-04-22 00:00:00 |t 701543 |w 2024-04-22 |y BK | ||
| 952 | |0 0 |1 0 |2 lcc |4 0 |6 LB0885 K96 |7 0 |9 5076 |a HOL |b HOL |c LP |d 2024-04-22 |l 0 |o LB885.K96 |p 2024-0324 |r 2024-04-22 00:00:00 |t 701544 |w 2024-04-22 |y BK | ||
| 999 | |c 2519 |d 2519 | ||